Nữ sĩ Huỳnh Thị Bảo Hòa - Người viết tiểu thuyết đầu tiên

সংরক্ষণ করুন:
গ্রন্থ-পঞ্জীর বিবরন
প্রধান লেখক: Thy Hảo Trương Duy Hy (Biên soạn, Sưu tầm)
বিন্যাস: গ্রন্থ
ভাষা:Vietnamese
প্রকাশিত: H. Nxb Văn học 2003
বিষয়গুলি:
ট্যাগগুলো: ট্যাগ যুক্ত করুন
কোনো ট্যাগ নেই, প্রথমজন হিসাবে ট্যাগ করুন!
Thư viện lưu trữ: Mạng thư viện Đại học Đà Nẵng
LEADER 00920nam a2200301 4500
001 000005603
003 1748
005 20110817150809.0
008 110817s2003 viesd
020 |c 30000đ 
041 0 |a vie 
082 |a 895.922 8  |b TRƯ 
100 0 |a Thy Hảo Trương Duy Hy  |e Sưu tầm, biên soạn 
245 0 |a Nữ sĩ Huỳnh Thị Bảo Hòa - Người viết tiểu thuyết đầu tiên  |c Thy Hảo Trương Duy Hy sưu tầm, biên soạn 
260 |a H.  |b Nxb Văn học  |c 2003 
300 |a 287 tr  |c 19 cm 
653 |a Văn học Việt Nam 
653 |a Tạp văn 
700 |a Thy Hảo Trương Duy Hy  |e Biên soạn  |e Sưu tầm 
910 |a Ngô Văn Đường 
OWN |a LSP 
999 |a From the UDN01 
TYP |a Monograph 
TYP |a Printed language 
980 |a Mạng thư viện Đại học Đà Nẵng